Mis recuerdos de Pedro Henríquez Ureña / (Record no. 30851)
[ view plain ]
| 000 -CABECERA | |
|---|---|
| campo de control de longitud fija | 00415nam a2200133 a 4500 |
| 001 - NÚMERO DE CONTROL | |
| campo de control | 000031359 |
| 005 - FECHA Y HORA DE LA ÚLTIMA TRANSACCIÓN | |
| campo de control | 20200930062857.0 |
| 008 - DATOS DE LONGITUD FIJA--INFORMACIÓN GENERAL | |
| campo de control de longitud fija | 110620s1965 cu 000 0 spa d |
| 040 ## - FUENTE DE LA CATALOGACIÓN | |
| Centro catalogador/agencia de origen | DO-SdBNP |
| Lengua de catalogación | spa |
| Centro/agencia transcriptor | BNPHU |
| 100 1# - ENTRADA PRINCIPAL--NOMBRE DE PERSONA | |
| Nombre de persona | Rodríguez Feo, José |
| 9 (RLIN) | 16879 |
| 245 10 - MENCIÓN DE TÍTULO | |
| Título | Mis recuerdos de Pedro Henríquez Ureña / |
| Mención de responsabilidad, etc. | José Rodríguez Feo. |
| 260 ## - PUBLICACIÓN, DISTRIBUCIÓN, ETC. | |
| Lugar de publicación, distribución, etc. | [La Habana, Cuba : |
| Nombre del editor, distribuidor, etc. | [Casa de la Cultura], |
| Fecha de publicación, distribución, etc. | [1965]. |
| 300 ## - DESCRIPCIÓN FÍSICA | |
| Extensión | [10 p.]. |
| Estado de retiro | Estado de pérdida | Restricciones de uso | No para préstamo | Código de colección | Localización permanente | Ubicación/localización actual | Ubicación en estantería | Fecha de adquisición | Número de inventario | Total de préstamos | Signatura topográfica completa | Código de barras | Fecha visto por última vez | Precio válido a partir de | Tipo de ítem Koha |
|---|---|---|---|---|---|---|---|---|---|---|---|---|---|---|---|
| Excluido de préstamo | Monografías: Libros y Folletos | Patrimonio Dominicano | Patrimonio Dominicano | Depósito | 20.06.2011 | LF1 | 31359-10 | 25.06.2020 | 25.06.2020 | No se presta |
